000 00879nam a2200265Ia 4500
003 OSt
005 20221005112333.0
006 a|||||r|||| 00| 0
007 ta
008 221004b |||||||| |||| 00| 0 pan d
020 _a8188852260
024 _a116610
037 _cTextual
040 _aCRL
_cCRL
_bpan
041 _2pan
_apan
082 _aQ8441wSEN:g, 153P7
100 _aਸਿੰਗਲ, ਧਰਮ ਪਾਲ
245 0 _aਸੰਤ ਸ੍ਰੀ ਸੇਨ ਜੀ ਮਹਾਰਾਜ
_b ਜੀਵਨ ਤੇ ਰਚਨਾ
260 _aਅਲੰਧਰ
_bਆਧੁਨਿਕ ਕਿਤਾਬ ਘਰ ਭਾਰਤ
_c2007
300 _a76ਪੰ
_ccm.
490 _aਸੰਤ ਸਾਹਿੱਤ
650 _aਧOਰੁ Fਸੱਢ
942 _hQ8441wSEN:g, 153P7
_cTEXL
_2cc
999 _c1024599
_d1024599